The true Andrew Jackson (Record no. 36045)

MARC details
000 -LEADER
campo de control de longitud fija 00463nam a2200145 i 4500
001 - NÚMERO DE CONTROL
campo de control 36045
003 - IDENTIFICADOR DE NÚMERO DE CONTROL
campo de control ES-MaACL
007 - CAMPO FIJO DE DESCRIPCIÓN FÍSICA--INFORMACIÓN GENERAL
campo de control de longitud fija t|
008 - DATOS DE LONGITUD FIJA--INFORMACIÓN GENERAL
campo de control de longitud fija 030217s1906 xxu ||||1| eng d
100 1# - ENTRADA PRINCIPAL--NOMBRE DE PERSONA
Nombre de persona Brady, Cyrus Townsend.
9 (RLIN) 31268
245 14 - MENCIÓN DEL TÍTULO
Título The true Andrew Jackson
Resto del título : with twenty-three illustrations /
Mención de responsabilidad, etc. Cyrus Townsend Brady.
260 ## - PUBLICACIÓN, DISTRIBUCIÓN, ETC.
Lugar de publicación, distribución, etc. Philadelphia :
Nombre del editor, distribuidor, etc. J.B. Lippincott Company,
Fecha de publicación, distribución, etc. 1906.
300 ## - DESCRIPCIÓN FÍSICA
Extensión XXVIII, 504 p. :
Otras características físicas 23 grab. ;
Dimensiones 20 cm.
852 ## - LOCALIZACIÓN
Ubicación ES-MaACL
Número de control de estantería C-735
Holdings
Estatus retirado Estado de pérdida Estado de daño No para préstamo Biblioteca de origen Biblioteca actual Ubicación en estantería Fecha de adquisición Fuente de adquisición Total de préstamos Signatura topográfica completa Código de barras Visto por última vez Precio de reemplazo Tipo de ítem Koha
        Biblioteca del Ateneo de Madrid Biblioteca del Ateneo de Madrid Sala Palomar 17/01/2008     C-735 1037804 23/02/2023 23/02/2023 Libro impreso